000 00524nam a22001817a 4500
999 _c158138
_d158138
005 20181017161512.0
010 _aB-158688
020 _c695.00
035 _aB-158688
037 _bA.P.H. publishing
082 _a370.954
100 _aRao, V.K.
245 _aManagement of education/
_cby V.K. Rao
260 _aNew Delhi
_bA.P.H. publishing
_c2005
300 _a258 p.
_c22 c.m. (Hb)
942 _2ddc
_cEN
_h370.954
_mRAO